000 00357 a2200169 4500
001 184573
020 _a85-16-00305-1
040 _cMagnum
100 _aCarr, Stella
240 1 0 _aO passado esteve aqui
_lpor
245 1 0 _aO passado esteve aqui
300 _a95
362 0 _a1988
440 1 _aModerna
697 _aLITERATURA JUVENIL
942 _cBK
999 _c184573
_d184573